000 00690cam a2200253 4500
999 _c6226
_d6226
001 6226
003 BD-JhCC
005 20200212134008.0
008 681122t19681969nyua 001 0 eng
020 _a007085047X
035 _a(BD-JhCC)6226
040 _aDLC
_cDLC
_dDLC
_d(BD-JhCC)
041 _aeng
050 0 0 _aQC173
_b.B414
082 0 0 _a539
_bBEI 2000
100 1 _aBeiser, Arthur.
245 1 0 _aPerspectives of modern physics /
_cArthur Beiser
260 _aNew York :
_bMcGraw-Hill,
_c1968, c1969.
300 _avii, 610 p. :
_billus.
_c23 cm.
490 0 _aMcGraw-Hill series in fundamentals of physics
650 0 _aNuclear physics.
942 _2ddc
_cBK
_02